| 000 -LEADER |
| fixed length control field |
00444cam a22001337a 4500 |
| 008 - FIXED-LENGTH DATA ELEMENTS--GENERAL INFORMATION |
| fixed length control field |
180718b2001 xxu||||| |||| 00| 0 eng d |
| 082 ## - DEWEY DECIMAL CLASSIFICATION NUMBER |
| Classification number |
APPPA 2000-01 VAS/30 |
| 100 ## - MAIN ENTRY--PERSONAL NAME |
| Personal name |
Vas, Loretta M. |
| 245 ## - TITLE STATEMENT |
| Title |
Small scale industries and the challenge of liberalization |
| Statement of responsibility, etc. |
by Loretta M. Vas |
| 260 ## - PUBLICATION, DISTRIBUTION, ETC. |
| Place of publication, distribution, etc. |
New Delhi |
| Name of publisher, distributor, etc. |
Indian Institute of Public Administration |
| Date of publication, distribution, etc. |
2001 |
| 300 ## - PHYSICAL DESCRIPTION |
| Extent |
99p. |
| 650 ## - SUBJECT ADDED ENTRY--TOPICAL TERM |
| Topical term or geographic name entry element |
Liberalization |
| 650 ## - SUBJECT ADDED ENTRY--TOPICAL TERM |
| Topical term or geographic name entry element |
India - Small-scale industry |